The St. Martin's guide to writing / (Record no. 7271)

MARC details
000 -LEADER
fixed length control field 01045cam a2200313 a 4500
001 - CONTROL NUMBER
control field 4347089
003 - CONTROL NUMBER IDENTIFIER
control field 20170406093533.0
005 - DATE AND TIME OF LATEST TRANSACTION
control field 20240606081032.0
008 - FIXED-LENGTH DATA ELEMENTS--GENERAL INFORMATION
fixed length control field 910911s1991 nyua 001 0 eng
010 ## - LIBRARY OF CONGRESS CONTROL NUMBER
LC control number 89063883
020 ## - INTERNATIONAL STANDARD BOOK NUMBER
International Standard Book Number 0312034954
040 ## - CATALOGING SOURCE
Original cataloging agency DLC
Transcribing agency DLC
Modifying agency DLC
050 00 - LIBRARY OF CONGRESS CALL NUMBER
Classification number PE1429
Item number .A942 1991
100 1# - MAIN ENTRY--PERSONAL NAME
Personal name Axelrod, Rise B.
245 14 - TITLE STATEMENT
Title The St. Martin's guide to writing /
250 ## - EDITION STATEMENT
Edition statement Short 3rd ed.
260 ## - PUBLICATION, DISTRIBUTION, ETC.
Place of publication, distribution, etc. New York :
Name of publisher, distributor, etc. St. Martin's Press,
Date of publication, distribution, etc. c1991.
300 ## - PHYSICAL DESCRIPTION
Extent xxv, 597 p. :
Other physical details ill. ;
Dimensions 24 cm.
500 ## - GENERAL NOTE
General note Includes indexes.
650 #0 - SUBJECT ADDED ENTRY--TOPICAL TERM
Topical term or geographic name entry element English language
General subdivision Rhetoric
Form subdivision Handbooks, manuals, etc.
650 #0 - SUBJECT ADDED ENTRY--TOPICAL TERM
Topical term or geographic name entry element Exposition (Rhetoric)
Form subdivision Handbooks, manuals, etc.
650 #0 - SUBJECT ADDED ENTRY--TOPICAL TERM
Topical term or geographic name entry element Report writing
Form subdivision Handbooks, manuals, etc.
650 #0 - SUBJECT ADDED ENTRY--TOPICAL TERM
Topical term or geographic name entry element College readers.
700 1# - ADDED ENTRY--PERSONAL NAME
Personal name Cooper, Charles Raymond,
Dates associated with a name 1934-
740 0# - ADDED ENTRY--UNCONTROLLED RELATED/ANALYTICAL TITLE
Uncontrolled related/analytical title Saint Martin's guide to writing.
906 ## - LOCAL DATA ELEMENT F, LDF (RLIN)
a 7
b cbc
c orignew
d 2
e opcn
f 19
g y-gencatlg
942 ## - ADDED ENTRY ELEMENTS (KOHA)
Source of classification or shelving scheme Library of Congress Classification
Koha item type Books
Holdings
Withdrawn status Lost status Source of classification or shelving scheme Damaged status Not for loan Home library Current library Date acquired Total checkouts Full call number Barcode Date last seen Price effective from Koha item type
    Library of Congress Classification     Murang'a University of Technology Library Murang'a University of Technology Library 06/04/2017   PE1429 .A942 1991 006706 30/08/2024 06/04/2017 Books